000 00373nam a2200157 i 4500
001 bg
100 1 _aHoffmann, Zygmunt.
245 0 _aInstalacje budowlane /
_cZ. Hoffmann, K. Lisicki.
250 _aWyd.14.
260 _aWarszawa,
_c1976.
700 1 _aLisicki, Kazimierz.
040 _cBPK
041 _apol
942 _cKS
008 s pl f |000 0 pol
999 _c5051
_d5051
856 _uhttp://koha.tu.koszalin.pl/cgi-bin/koha/opac-detail.pl?biblionumber=5051
_yKatalog online BPK